| 000 | 00552nam a22001577a 4500 | ||
|---|---|---|---|
| 003 | macl | ||
| 005 | 20190522170512.0 | ||
| 008 | 190522b xxu||||| |||| 00| 0 eng d | ||
| 040 | _cmacl | ||
| 082 | _a800/SHA | ||
| 100 |
_aशर्मा,यज्ञदत्त _974431 |
||
| 245 | _aभक्ति साहित्य के आधार स्तम्म | ||
| 260 |
_aदिल्ली _bललित साहित्य सौरभ _c2016 |
||
| 650 |
_aकाव्य अलोचना _936790 |
||
| 942 |
_2ddc _cHIN |
||
| 999 |
_c59812 _d59812 |
||